<?xml version="1.0" encoding="UTF-8"?><marc:collection xmlns:marc="http://www.loc.gov/MARC21/slim">
  <marc:record>
    <marc:leader>00000nam##2200000za#4500</marc:leader>
    <marc:controlfield tag="001">9.698466</marc:controlfield>
    <marc:controlfield tag="003">CaOODSP</marc:controlfield>
    <marc:controlfield tag="005">20210624235936</marc:controlfield>
    <marc:controlfield tag="007">cr |||||||||||</marc:controlfield>
    <marc:controlfield tag="008">150407|1996||||xxc|||||o    f|0| 0 eng|d</marc:controlfield>
    <marc:datafield tag="040" ind1=" " ind2=" ">
      <marc:subfield code="a">CaOODSP</marc:subfield>
      <marc:subfield code="b">eng</marc:subfield>
    </marc:datafield>
    <marc:datafield tag="043" ind1=" " ind2=" ">
      <marc:subfield code="a">n-cn---</marc:subfield>
    </marc:datafield>
    <marc:datafield tag="086" ind1="1" ind2=" ">
      <marc:subfield code="a">F2-97/1-1996E-PDF</marc:subfield>
    </marc:datafield>
    <marc:datafield tag="110" ind1="1" ind2=" ">
      <marc:subfield code="a">Canada.</marc:subfield>
      <marc:subfield code="b">Department of Finance.</marc:subfield>
      <marc:subfield code="b">Minister of Finance.</marc:subfield>
    </marc:datafield>
    <marc:datafield tag="245" ind1="1" ind2="0">
      <marc:subfield code="a">Notice of ways and means motion to amend the Income Tax Act, the Income Tax Application Rules and another Act related to the Income Tax Act </marc:subfield>
      <marc:subfield code="h">[electronic resource]</marc:subfield>
    </marc:datafield>
    <marc:datafield tag="260" ind1=" " ind2=" ">
      <marc:subfield code="a">Ottawa - Ontario : </marc:subfield>
      <marc:subfield code="b">Finance Canada. </marc:subfield>
      <marc:subfield code="c">[1996].</marc:subfield>
    </marc:datafield>
    <marc:datafield tag="300" ind1=" " ind2=" ">
      <marc:subfield code="a">132p.</marc:subfield>
    </marc:datafield>
    <marc:datafield tag="520" ind1="3" ind2=" ">
      <marc:subfield code="a">"These amendments implement certain measures announced in the Budget of March 6, 1996 as well as Income Tax Act amendments released on March 5, 1996 concerning foreign reporting."--Summary, p.3 of 132.</marc:subfield>
    </marc:datafield>
    <marc:datafield tag="590" ind1=" " ind2=" ">
      <marc:subfield code="a">13-22-Supp</marc:subfield>
      <marc:subfield code="b">2013-09-26</marc:subfield>
    </marc:datafield>
    <marc:datafield tag="690" ind1="0" ind2="7">
      <marc:subfield code="a">Income tax</marc:subfield>
      <marc:subfield code="2">gcpds</marc:subfield>
    </marc:datafield>
    <marc:datafield tag="690" ind1="0" ind2="7">
      <marc:subfield code="a">Legislation</marc:subfield>
      <marc:subfield code="2">gcpds</marc:subfield>
    </marc:datafield>
    <marc:datafield tag="775" ind1="0" ind2="8">
      <marc:subfield code="t">Avis de motion des voies et moyens visant à modifier la Loi de l'impôt sur le revenu, les Règles concernant l'application de l'impôt sur le revenu et une loi liée à la Loi de l'impôt sur le revenu </marc:subfield>
      <marc:subfield code="w">(CaOODSP)9.642474</marc:subfield>
    </marc:datafield>
    <marc:datafield tag="776" ind1="0" ind2="#">
      <marc:subfield code="t">Notice of ways and means motion to amend the Income Tax Act, the Income Tax Application Rules and another Act related to the Income Tax Act </marc:subfield>
      <marc:subfield code="w">(CaOODSP)9.659319</marc:subfield>
    </marc:datafield>
    <marc:datafield tag="776" ind1="0" ind2="#">
      <marc:subfield code="t">Avis de motion des voies et moyens visant à modifier la Loi de l'impôt sur le revenu, les Règles concernant l'application de l'impôt sur le revenu et une loi liée à la Loi de l'impôt sur le revenu </marc:subfield>
      <marc:subfield code="w">(CaOODSP)9.659320</marc:subfield>
    </marc:datafield>
    <marc:datafield tag="856" ind1="4" ind2="0">
      <marc:subfield code="a">http://publications.gc.ca</marc:subfield>
      <marc:subfield code="q">PDF</marc:subfield>
      <marc:subfield code="s">401 KB</marc:subfield>
      <marc:subfield code="u">https://publications.gc.ca/collections/Collection/F2-97-1-1996E.pdf</marc:subfield>
    </marc:datafield>
  </marc:record>
</marc:collection>
